| 000 -LEADER |
| fixed length control field |
00789nam a22001577a 4500 |
| 005 - DATE AND TIME OF LATEST TRANSACTION |
| control field |
20231016130126.0 |
| 008 - FIXED-LENGTH DATA ELEMENTS--GENERAL INFORMATION |
| fixed length control field |
231016s1982ru xxu||||| |||| 00| 0 rus |
| 080 ## - UNIVERSAL DECIMAL CLASSIFICATION NUMBER |
| Universal Decimal Classification number |
9 (100) И-90 |
| 245 ## - TITLE STATEMENT |
| Title |
История древнего мира. Часть II : Греция и Рим |
| Remainder of title |
Учебное пособие : факультетов пединститутов / |
| Statement of responsibility, etc. |
Ред. А.Д. Бокщанина |
| 264 ## - PRODUCTION, PUBLICATION, DISTRIBUTION, MANUFACTURE, AND COPYRIGHT NOTICE |
| Place of production, publication, distribution, manufacture |
Москва : |
| Name of producer, publisher, distributor, manufacturer |
Просвещение, |
| Date of production, publication, distribution, manufacture, or copyright notice |
1981. |
| 300 ## - PHYSICAL DESCRIPTION |
| Extent |
431 стр.: |
| Other physical details |
ил.; |
| Dimensions |
23 cm. |
| 653 ## - INDEX TERM--UNCONTROLLED |
| keyword |
История древнего мира |
| 653 ## - INDEX TERM--UNCONTROLLED |
| keyword |
ძველი სამყაროს ისტორია საბერძნეთი და რომი |
| 700 ## - ADDED ENTRY--PERSONAL NAME |
| Personal name |
Бокщанин, А. Д. |
| Relator term |
რედაქტორი |
| 9 (RLIN) |
20083 |
| 942 ## - ADDED ENTRY ELEMENTS (KOHA) |
| Source of classification or shelving scheme |
|
| Koha item type |
წიგნი |